Astronomičeskij ježegodnik na 2012 god

Gespeichert in:
Bibliographische Detailangaben
Format: Buch
Veröffentlicht: Sankt-Peterburg : Nauka, 2011
Tags: Tag hinzufügen
Keine Tags, Fügen Sie das erste Tag hinzu!

MARC

LEADER 00000nam a22000003a 4500
001 stu239077
005 20150408182904.2
008 111128s2011----ru----------------------d
020 |a 978-5-02-025487-9 
040 |a STU  |b slo 
041 0
044 |a ru 
080 |a 521 
245 |a Astronomičeskij ježegodnik na 2012 god 
260 |a Sankt-Peterburg :  |b Nauka,  |c 2011 
300 |a 688 s 
996 |c V*51266/O-22903  |l VV3  |s P  |a 0  |w stu239077_0001